|
|
|
|
| LEADER |
00000nam0a2200000 4500 |
| 001 |
58498 |
| 005 |
20231101211733.0 |
| 010 |
|
|
|a 5761102749
|
| 035 |
|
|
|a (RuTPU)RU\TPU\book\61781
|
| 090 |
|
|
|a 58498
|
| 100 |
|
|
|a 20031202d2001 m y0rusy50 ca
|
| 101 |
0 |
|
|a rus
|a eng
|
| 102 |
|
|
|a RU
|
| 105 |
|
|
|a y j 001zy
|
| 200 |
1 |
|
|a Западноевропейское искусство от Джотто до Рембрандта
|e Пособие для изучающих английский язык
|f А. П. Миньяр-Белоручева
|
| 205 |
|
|
|a 3-е изд., перераб. и доп.
|
| 210 |
|
|
|a Москва
|c Московский лицей
|d 2001
|
| 215 |
|
|
|a 128 с.
|
| 320 |
|
|
|a Библиогр.: с. 127
|
| 320 |
|
|
|a Словарь: с. 110-126
|
| 606 |
1 |
|
|a Английский язык
|x Учебные руководства и пособия
|x Хрестоматии, книги для чтения
|2 stltpush
|3 (RuTPU)RU\TPU\subj\29075
|9 52487
|
| 610 |
1 |
|
|a искусство
|
| 610 |
1 |
|
|a западноевропейская культура
|
| 610 |
1 |
|
|a лексика
|
| 610 |
1 |
|
|a история
|
| 610 |
1 |
|
|a упражнения
|
| 610 |
1 |
|
|a книги для чтения
|
| 610 |
1 |
|
|a 13 век
|
| 610 |
1 |
|
|a 14 век
|
| 610 |
1 |
|
|a 15 век
|
| 610 |
1 |
|
|a 16 век
|
| 610 |
1 |
|
|a 17 век
|
| 686 |
|
|
|a Ш143.21-923.8
|v LBC/SL-A
|2 rubbk
|
| 700 |
|
1 |
|a Миньяр-Белоручева
|b А. П.
|
| 801 |
|
1 |
|a RU
|b 63413507
|c 20031202
|g PSBO
|
| 801 |
|
2 |
|a RU
|b 63413507
|c 20140226
|g PSBO
|
| 942 |
|
|
|c BK
|